Statistics for Kanye West: Complete the Song Title

Click here to take the quiz!

General Stats

  • This quiz has been taken 4,286 times
  • The average score is 29 of 34

Answer Stats

AlbumAnswer% Correct
The College Dropout (2004)All Falls {Down}
99%
Late Registration (2005){Gold} Digger
99%
Graduation (2007)Can't Tell Me {Nothing}
98%
The Life of Pablo (2016){Father} Stretch My Hands, Pt. 1
97%
The College Dropout (2004)Jesus {Walks}
97%
My Beautiful Dark Twisted Fantasy (2010)Run{away}
97%
My Beautiful Dark Twisted Fantasy (2010)All of the {Lights}
96%
My Beautiful Dark Twisted Fantasy (2010)Devil in a {New} {Dress}
96%
Graduation (2007){Flashing} Lights
96%
Ye (2018){Ghost} Town
94%
The Life of Pablo (2016)No More {Parties} in LA
94%
The College Dropout (2004)Through the {Wire}
94%
Late Registration (2005){Touch} the Sky
94%
Yeezus (2013){Bound} 2
92%
Graduation (2007){Good} Life
91%
Late Registration (2005)Hey {Mama}
88%
Yeezus (2013)Black {Skinhead}
87%
The Life of Pablo (2016){Ultralight} Beam
87%
The College Dropout (2004)The New {Workout} Plan
86%
Yeezus (2013)Blood on the {Leaves}
85%
Watch the Throne (2011, collab.)No {Church} in the Wild
85%
Ye (2018)I Thought About {Killing} You
84%
808s & Heartbreak (2008){Love} Lockdown
84%
Late Registration (2005)Diamonds from {Sierra} {Leone}
83%
The Life of Pablo (2016)I Love {Kanye}
83%
My Beautiful Dark Twisted Fantasy (2010){Blame} Game
80%
Kids See Ghosts (2018, collab.)4th {Dimension}
79%
Jesus Is King (2019)Closed on {Sunday}
77%
(Single, 2015, collab.)FourFive{Seconds}
75%
808s & Heartbreak (2008)Say You {Will}
71%
Kids See Ghosts (2018, collab.)Re{born}
70%
Jesus Is King (2019)Use This {Gospel}
65%
(Single, 2020)Wash Us in the {Blood}
59%
Cruel Summer (2012, collab.)New {God} Flow
58%

Score Distribution

Percentile by Number Answered

Percent of People with Each Score

Your Score History

You have not taken this quiz